[Event "GER S4G1 enginefrei email"]
[Site "GER email"]
[Date "2016.02.29"]
[Round "?"]
[White "Woll, Uwe"]
[Black "Hirsch, Hanns Rainer"]
[Result "1/2-1/2"]
[WhiteElo "1965"]
[BlackElo "1873"]
[PlyCount "65"]
[EventDate "2016.03.07"]
[EventType "tourn (corr)"]
[EventRounds "6"]
[EventCountry "GER"]
[SourceTitle "Corr 2020"]
[Source "ChessBase"]
[SourceDate "2019.09.30"]
[SourceVersion "1"]
[SourceVersionDate "2019.09.30"]
[SourceQuality "1"]

1. c4 e5 2. Nc3 Nc6 3. Nf3 Nf6 4. e3 Bb4 5. Qc2 0-0 6. Nd5 Be7 7. a3 d6 8. Ng5 g6 9. Nxe7+ Qxe7 10. d3 a5 11. b3 Nd7 12. Nf3 Nc5 13. Be2 Bf5 14. Nd2 Rfe8 15. 0-0 e4 16. dxe4 Bxe4 17. Nxe4 Qxe4 18. Qb2 Qe5 19. Rb1 Qxb2 20. Rxb2 f5 21. Rd1 Ne4 22. Bf1 Nc3 23. Re1 Ne4 24. f3 Nc5 25. Bd2 Ne5 26. Rbb1 Kf7 27. Red1 Ne6 28. Bc3 h5 29. h4 Nc6 30. Kf2 b6 31. Be2 Ne5 32. Rbc1 Nd7 33. Bd3 1/2-1/2

[Event "GER HS-186 email"]
[Site "GER email"]
[Date "2015.05.10"]
[Round "?"]
[White "Hirsch, Hanns Rainer"]
[Black "Hoffmeyer, Falk"]
[Result "1/2-1/2"]
[WhiteElo "1871"]
[BlackElo "2044"]
[PlyCount "134"]
[EventDate "2015.05.22"]
[EventType "tourn (corr)"]
[EventRounds "6"]
[EventCountry "GER"]
[SourceTitle "Corr 2020"]
[Source "ChessBase"]
[SourceDate "2019.09.30"]
[SourceVersion "1"]
[SourceVersionDate "2019.09.30"]
[SourceQuality "1"]

1. e4 g6 2. d4 Bg7 3. Nf3 d6 4. Be2 Nf6 5. Nc3 0-0 6. 0-0 Nc6 7. Be3 e5 8. d5 Ne7 9. Qd3 Ng4 10. Bd2 f5 11. Ng5 Nf6 12. Rad1 h6 13. Ne6 Bxe6 14. dxe6 fxe4 15. Nxe4 Nxe4 16. Qxe4 c6 17. Qd3 d5 18. c4 Qd6 19. cxd5 cxd5 20. Qb3 a5 21. Be3 Rfd8 22. Bg4 Qb4 23. Qxb4 axb4 24. Bc5 Bf8 25. Bxb4 Rxa2 26. Bf3 Kg7 27. Rfe1 Kf6 28. Bxd5 Nxd5 29. Bxf8 Rxf8 30. Rxd5 Rxb2 31. Rdxe5 Ke7 32. f3 Rc8 33. R5e4 b5 34. Rg4 g5 35. h4 Rc4 36. Ree4 Rxe4 37. Rxe4 b4 38. hxg5 hxg5 39. Kh2 b3 40. Re3 Rb1 41. Kg3 Rb2 42. Kh3 Ke8 43. Re5 g4+ 44. fxg4 Rc2 45. Rb5 b2 46. Rb7 Re2 47. g5 Rxe6 48. Rxb2 Kf7 49. Rf2+ Kg7 50. Kg4 Ra6 51. Rf6 Ra4+ 52. Rf4 Ra6 53. g3 Rb6 54. Rf6 Rb4+ 55. Kh5 Rb1 56. Rg6+ Kh7 57. Rd6 Rh1+ 58. Kg4 Kg7 59. Rd7+ Kg6 60. Rc7 Ra1 61. Rc6+ Kg7 62. Rd6 Rb1 63. Rf6 Ra1 64. Rb6 Rc1 65. Rb7+ Kg6 66. Rb6+ Kg7 67. Re6 Ra1 1/2-1/2

[Event "GER HS-185 email"]
[Site "GER email"]
[Date "2015.04.27"]
[Round "?"]
[White "Hirsch, Hanns Rainer"]
[Black "Schwarte, Joachim"]
[Result "1/2-1/2"]
[WhiteElo "1867"]
[BlackElo "1935"]
[PlyCount "181"]
[EventDate "2015.05.08"]
[EventType "tourn (corr)"]
[EventRounds "6"]
[EventCountry "GER"]
[SourceTitle "Corr 2020"]
[Source "ChessBase"]
[SourceDate "2019.09.30"]
[SourceVersion "1"]
[SourceVersionDate "2019.09.30"]
[SourceQuality "1"]

1. e4 e5 2. Nf3 Nc6 3. Bc4 Nf6 4. d3 Bc5 5. 0-0 a6 6. Nc3 0-0 7. Bg5 b5 8. Bb3 h6 9. Bxf6 Qxf6 10. Nd5 Qd8 11. a4 b4 12. Nxe5 Nxe5 13. d4 c6 14. Ne3 Nf3+ 15. gxf3 Bb6 16. Kh1 d5 17. c3 Qh4 18. Qd3 Qh3 19. Qe2 Rb8 20. Bc2 Qh5 21. Rg1 bxc3 22. bxc3 dxe4 23. Bxe4 Re8 24. Qc2 Bc7 25. Nf1 c5 26. Ng3 Qh4 27. Rae1 cxd4 28. Bh7+ Kf8 29. Rxe8+ Kxe8 30. cxd4 Qf4 31. Kg2 g6 32. Re1+ Kd7 33. Qe2 Bd6 34. d5 Bb7 35. Bxg6 fxg6 36. Qe6+ Kd8 37. Ne4 Qxh2+ 38. Kf1 Bc8 39. Qxd6+ Qxd6 40. Nxd6 Bh3+ 41. Ke2 a5 42. Rh1 Rb2+ 43. Ke3 Rb3+ 44. Ke4 Kd7 45. Nc4 Bf5+ 46. Ke5 h5 47. Ne3 Bd3 48. Rd1 Ra3 49. d6 Kd8 50. f4 Kd7 51. Nd5 Bf5 52. Rc1 Kd8 53. Rc7 Rxa4 54. Nf6 Ra2 55. Rh7 Re2+ 56. Kd4 Kc8 57. Kc5 Kb8 58. Rh8+ Kb7 59. d7 Bxd7 60. Nxd7 Rxf2 61. Kb5 Rxf4 62. Nc5+ Ka7 63. Rh7+ Kb8 64. Kxa5 Rf1 65. Kb5 Kc8 66. Kc6 Kd8 67. Ne6+ Ke8 68. Kd6 Rd1+ 69. Ke5 Rf1 70. Rg7 h4 71. Ng5 Kf8 72. Rxg6 Rh1 73. Kf4 h3 74. Rh6 Kg7 75. Rh4 Kf6 76. Nxh3 Rf1+ 77. Ke3 Re1+ 78. Kf2 Rd1 79. Rh5 Rd2+ 80. Kg3 Rd3+ 81. Kg4 Rd4+ 82. Nf4 Rc4 83. Rf5+ Ke7 84. Kg5 Ra4 85. Rd5 Rb4 86. Kf5 Ra4 87. Ng6+ Kf7 88. Ne5+ Ke7 89. Rd7+ Ke8 90. Rh7 Ra1 91. Ke6 1/2-1/2

[Event "GER HS-175 email"]
[Site "GER email"]
[Date "2014.11.24"]
[Round "?"]
[White "Herzog, Klaus"]
[Black "Hirsch, Hanns Rainer"]
[Result "0-1"]
[WhiteElo "1869"]
[BlackElo "1807"]
[PlyCount "110"]
[EventDate "2014.12.01"]
[EventType "tourn (corr)"]
[EventRounds "6"]
[EventCountry "GER"]
[SourceTitle "Corr 2020"]
[Source "ChessBase"]
[SourceDate "2019.09.30"]
[SourceVersion "1"]
[SourceVersionDate "2019.09.30"]
[SourceQuality "1"]

1. d4 Nf6 2. c4 e6 3. Nc3 Bb4 4. f3 0-0 5. a3 Bxc3+ 6. bxc3 d6 7. e4 Nc6 8. Bd3 b6 9. Ne2 Nd7 10. 0-0 Ba6 11. Ng3 Na5 12. Qe2 Rc8 13. f4 c5 14. d5 exd5 15. cxd5 Bxd3 16. Qxd3 c4 17. Qf3 Nb3 18. Ra2 Qf6 19. Be3 Qxc3 20. Nf5 Qf6 21. Bf2 Rfe8 22. Qg4 c3 23. Bh4 Qg6 24. Qxg6 hxg6 25. Nxd6 Kf8 26. Rc2 Nd4 27. Rcc1 Nc5 28. Nxc8 Rxc8 29. Kf2 Ncb3 30. Ke3 b5 31. Kd3 Rc4 32. Rxc3 Nc5+ 33. Ke3 Rxc3+ 34. Kxd4 Rc4+ 35. Ke3 Rxe4+ 36. Kf3 Rd4 37. Re1 Nd3 38. Ke3 Rxd5 39. Rb1 a6 40. a4 f6 41. Ke4 Rh5 42. Kxd3 Rxh4 43. axb5 axb5 44. Ke3 Rh5 45. h3 Rc5 46. Kd3 Kf7 47. Rb2 Ke6 48. g4 Kd5 49. Rb4 Kc6 50. Re4 Kd6 51. Rb4 Kd7 52. Rd4+ Kc7 53. Re4 Kb6 54. Re6+ Rc6 55. Re8 Rc4 0-1

[Event "GER HS-175 email"]
[Site "GER email"]
[Date "2014.11.24"]
[Round "?"]
[White "Hirsch, Hanns Rainer"]
[Black "Hansen, Marco"]
[Result "1/2-1/2"]
[WhiteElo "1807"]
[BlackElo "1821"]
[PlyCount "74"]
[EventDate "2014.12.01"]
[EventType "tourn (corr)"]
[EventRounds "6"]
[EventCountry "GER"]
[SourceTitle "Corr 2020"]
[Source "ChessBase"]
[SourceDate "2019.09.30"]
[SourceVersion "1"]
[SourceVersionDate "2019.09.30"]
[SourceQuality "1"]

1. d4 Nf6 2. Nc3 d5 3. Bf4 e6 4. Nb5 Bd6 5. Nxd6+ cxd6 6. e3 Nc6 7. Nf3 0-0 8. c3 Qc7 9. Be2 e5 10. Bg3 h6 11. 0-0 Bf5 12. Bh4 g5 13. Bg3 Ne4 14. dxe5 dxe5 15. Qxd5 Rad8 16. Qb3 h5 17. h3 Kg7 18. Qa3 Bc8 19. Rfd1 Nxg3 20. fxg3 e4 21. Qc5 exf3 22. Qxg5+ Kh8 23. Qxh5+ Kg8 24. Qg5+ Kh7 25. Bxf3 Qe5 26. Qf4 Kg7 27. g4 Rde8 28. Rd3 f6 29. Rad1 Qg5 30. Bxc6 bxc6 31. Qc7+ Kg6 32. Qxa7 Be6 33. b3 f5 34. gxf5+ Bxf5 35. Rd6+ Kh5 36. Qc5 Rxe3 37. h4 Qe7 1/2-1/2

[Event "GER HS-176 email"]
[Site "GER email"]
[Date "2014.11.24"]
[Round "?"]
[White "Hirsch, Hanns Rainer"]
[Black "Herzog, Klaus"]
[Result "1-0"]
[WhiteElo "1807"]
[BlackElo "1869"]
[PlyCount "109"]
[EventDate "2014.12.01"]
[EventType "tourn (corr)"]
[EventRounds "6"]
[EventCountry "GER"]
[SourceTitle "Corr 2020"]
[Source "ChessBase"]
[SourceDate "2019.09.30"]
[SourceVersion "1"]
[SourceVersionDate "2019.09.30"]
[SourceQuality "1"]

1. e4 e5 2. Nf3 Nc6 3. Bb5 a6 4. Ba4 Nf6 5. d3 b5 6. Bb3 Be7 7. Nc3 d6 8. a4 b4 9. Nd5 Na5 10. Ba2 Nxd5 11. Bxd5 c6 12. Ba2 0-0 13. 0-0 Rb8 14. d4 exd4 15. Nxd4 Bf6 16. Bf4 Be5 17. Bxe5 dxe5 18. Nb3 Nxb3 19. Bxb3 Qd4 20. Qd3 Qxb2 21. Rfd1 Be6 22. Bxe6 fxe6 23. Qc4 Rfd8 24. Qxe6+ Kh8 25. Qb3 Qc3 26. Qxc3 bxc3 27. f3 Rd4 28. Rdb1 Rb2 29. Rxb2 cxb2 30. Rb1 Rxa4 31. Rxb2 Kg8 32. Kf2 a5 33. Ke2 Ra1 34. Rb6 h5 35. Rxc6 a4 36. h4 Rg1 37. Kf2 Rc1 38. Kg3 Kf7 39. Ra6 Ra1 40. Ra7+ Kf6 41. c4 g6 42. c5 Ke6 43. Ra6+ Kf7 44. Ra5 Ke7 45. c6 Kd6 46. Rc5 Kc7 47. Rxe5 Kxc6 48. Kf4 Kb6 49. Re6+ Kb7 50. Rd6 Ra2 51. g3 Rb2 52. Rd4 a3 53. Ra4 a2 54. Kg5 Rc2 55. f4 1-0

[Event "GER HS-157 email"]
[Site "GER email"]
[Date "2013.12.31"]
[Round "?"]
[White "Tacke, Hubert"]
[Black "Hirsch, Hanns Rainer"]
[Result "1/2-1/2"]
[WhiteElo "1859"]
[BlackElo "1820"]
[PlyCount "103"]
[EventDate "2014.01.13"]
[EventType "tourn (corr)"]
[EventRounds "6"]
[EventCountry "GER"]
[SourceTitle "Corr 2015"]
[Source "ChessBase"]
[SourceDate "2015.07.17"]
[SourceVersion "1"]
[SourceVersionDate "2015.07.17"]
[SourceQuality "1"]

1. a3 e5 2. b4 a5 3. Bb2 e4 4. b5 d5 5. e3 Nd7 6. d3 Ngf6 7. Ne2 exd3 8. cxd3 Bd6 9. Nd4 Ne5 10. Be2 0-0 11. 0-0 c5 12. bxc6 bxc6 13. Nd2 Rb8 14. Rb1 Bd7 15. N4f3 Nxf3+ 16. Nxf3 Re8 17. Qc2 c5 18. h3 a4 19. Rfe1 Bc6 20. Nd2 Qe7 21. Bf3 Nd7 22. g3 Qe6 23. e4 d4 24. Bg4 Qa2 25. Nc4 Bc7 26. Qc1 Qb3 27. Nd2 Qb5 28. Qc2 Qa5 29. Rec1 Ne5 30. Be2 h6 31. f4 Nd7 32. Nf3 Re6 33. Ba1 g5 34. f5 Ree8 35. Rxb8 Bxb8 36. Bxd4 Bxg3 37. Be3 Qc7 38. Qd2 f6 39. Kg2 Bd6 40. Rc2 Kg7 41. Qc1 Qd8 42. Nd2 Qe7 43. Nc4 Bc7 44. Rb2 Ne5 45. Kf1 Qd7 46. Nxe5 Bxe5 47. Rb6 Bc7 48. Rb2 Bb5 49. Qxc5 Bxd3 50. Rd2 Bxe2+ 51. Kxe2 Qf7 52. Qc6 1/2-1/2